000 00610nam a2200217 i 4500
001 C2-0169307
003 PPAK
005 20180728091937.0
008 980725s1994 my a|||| ||||| | may d
020 _a9839762559
040 _aPPAK
_beng
_cPPAK
_erda
082 0 4 _a923.1595
_2 23
090 0 0 _a923.1595
_bSER
_dR
245 0 0 _aSeri Paduka tunggak negara
264 1 _aKuala Lumpur :
_bJabatan Perkhidmatan Penerangan ,
_c1994
300 _a32 pages :
_bcolour illustrations ;
_c28 cm
336 _2rdacontent
_atext
337 _2rdamedia
_aunmediated
338 _2rdacarrier
_avolume
942 _ddc
_cB
999 _c153319
_d153319